000 02129cam a22003857a 4500
001 17366006
003 OSt
005 20230930151717.0
008 120628s2012 enka b 001 0 eng d
010 _a 2012405448
016 7 _a015794407
_2Uk
020 _a9780521516884
020 _a0521516889
035 _a(OCoLC)ocn781617398
040 _aSINUS
_cSINUS
_dNLE
_dUAT
_dCDX
_dYDXCP
_dBTCTA
_dUKMGB
_dBWX
_dMUU
_dDLC
042 _alccopycat
050 0 0 _aQA404.5
_b.W36 2012
082 0 4 _a515.723
_bWAN/I
100 1 _aWang, Ruye
_99649
245 1 0 _aIntroduction to orthogonal transforms :
_bwith applications in data processing and analysis /
_cRuye Wang.
260 _aCambridge ;
_aNew York :
_bCambridge University Press,
_c2012.
300 _axxii, 568 p. :
_bill. ;
_c26 cm.
504 _aIncludes bibliographical references and index.
505 0 _a1. Signals and systems -- 2. Vector spaces and signal representation -- 3. Continuous-time Fourier transform -- 4. Discrete-time Fourier transform -- 5. Applications of the Fourier transforms -- 6. The Laplace and [zeta]-transforms -- 7. Fourier-related orthogonal transforms -- 8. The Walsh-Hadamard, slant, and Haar transforms -- 9. Kaarhunen-Loève transform and principal component analysis -- 10. Continuous- and discrete-time wavelet transforms -- 11. Multiresolultion analysis and discrete wavelet transform -- A. Review of linear algebra -- B. Review of random variables.
650 0 _aFunctions, Orthogonal.
650 0 _aOrthogonal polynomials.
650 0 _aOrthogonal arrays.
650 0 _aOrthogonalization methods.
856 4 2 _3Contributor biographical information
_uhttp://www.loc.gov/catdir/enhancements/fy1211/2012405448-b.html
856 4 2 _3Publisher description
_uhttp://www.loc.gov/catdir/enhancements/fy1211/2012405448-d.html
856 4 1 _3Table of contents only
_uhttp://www.loc.gov/catdir/enhancements/fy1211/2012405448-t.html
906 _a7
_bcbc
_ccopycat
_d2
_encip
_f20
_gy-gencatlg
942 _2ddc
_cBK
_h515.723
_iWAN/I
_k515.723
_mWAN/I
999 _c42348
_d42348